000 00661nas a2200229 i 4500
001 2437
003 ES-MaACL
005 20250824012558.0
007 t|
008 950801d18391841sp | | 1 ||pa d
080 _a821.134.2
080 _a792
245 0 3 _aEl Entreacto
_b: periódico de teatros, literatura y artes.
260 _aMadrid :
_bImp. del Entreacto,
_c1839-1841.
300 _a1 v. ;
_c26 cm.
362 0 _a1839 (31 marzo) - 1841 (28 marzo)
650 1 7 _aLiteratura española
_2embne
_914539
650 7 _aTeatro
_2embne
_917290
852 _aES-MaACL
_jHem-255
866 0 _o1839 (nº1 31 marzo-nº 53 29 septiembre).
999 _c2437
_d2437